00763nam a22002297a 4500003000500000005001700005008004100022010001000063011001000073035001000083040000900093082002100102110007000123245013300193260004800326300001900374490003100393650003300424650002200457650002300479830003100502CHAP20220329135937.0971013s r 00010 d a44476 a45448 a49587 cCHAP a633.51bI59 1972 aMéxico. INIA. Centro de Investigaciones Agrícolas del Noreste aCombate integrado de plagas del algodonero en la Comarca lagunera y región de Ceballos, Dgo.b: reunión anual, junio de 1972 a(Matamoros, Coah.) :bEl Instituto,c(s.a.) apág. varía aAvances de investigación14aAlgodónxComarca Lagunera.14aAlgodonxDurango.14aAlgodónxPlagas.0 aAvances de investigación